00650nam a2200169 a 450000100100000000500170001000800410002704000250006808200150009310000290010824501000013726000770023730000270031404900090034195201130035099900170046300003017020200930060112.0110503s2001 dr a 000 0 spa d aDO-SdBNPbspacBNPHU axxxbM538d1 aMéndez, Noemí95546910aDerechos de los sectores excluidos :bderechos de las y los discapacitados /cNoemí Méndez. aSanto Domingo :bCentro de Estudios Sociales Padre Juan Montalvo,c2001. a14 p. :bil. ;c22 cm. aBNPD 0010718PDaPDbPDcCTd2011-05-03iLF1l0oxxx M538dp30170-10r2020-06-25w2020-06-25yLFPDZNo se presta c29662d29662